Countries that qualified for the World Cup - Statistics

General Stats
  • This quiz has been taken 104 times
  • The average score is 50 of 76
Answer Stats
Continent Country % Correct
South America Argentina
87%
South America Brazil
86%
Europe United Kingdom
86%
Europe Germany
84%
North America United States of America
84%
Oceania Australia
81%
Europe France
81%
North America Mexico
81%
Europe Russia
81%
Europe Denmark
79%
Europe Portugal
79%
Europe Belgium
78%
Asia Japan
78%
Europe Spain
78%
Europe Sweden
78%
North America Canada
76%
South America Colombia
76%
Europe Italy
76%
Europe Norway
76%
Africa Algeria
75%
Europe Poland
75%
Europe Austria
73%
Europe Ireland
73%
Europe Netherlands
73%
Oceania New Zealand
73%
Asia Saudi Arabia
73%
Asia South Korea
73%
South America Chile
71%
Asia China
71%
South America Uruguay
71%
Europe Croatia
70%
Asia Iran
70%
South America Paraguay
70%
South America Bolivia
68%
South America Ecuador
68%
Africa Egypt
68%
Africa South Africa
68%
Africa Morocco
67%
Africa Nigeria
67%
Asia North Korea
67%
Africa Angola
65%
Europe Bosnia & Herzegovina
65%
Europe Iceland
65%
Europe Bulgaria
63%
Africa Ghana
63%
Europe Hungary
63%
Europe Serbia
63%
Europe Greece
62%
South America Peru
62%
Europe Switzerland
62%
North America Costa Rica
60%
Asia Iraq
60%
Africa Cameroon
59%
North America Panama
59%
Europe Slovakia
59%
Asia Turkey
59%
Europe Czech Republic
57%
North America Haiti
57%
Europe Romania
57%
Europe Slovenia
57%
Europe Ukraine
57%
North America Honduras
56%
Africa Senegal
56%
North America Cuba
54%
Africa Tunisia
54%
North America Jamaica
52%
Asia Qatar
52%
Africa Democratic Republic of the Congo
49%
Africa Ivory Coast
49%
Asia Israel
48%
Asia United Arab Emirates
48%
North America Trinidad and Tobago
46%
North America El Salvador
43%
Asia Indonesia
40%
Asia Kuwait
40%
Africa Togo
33%
No matching quizzes found
Score Distribution
Percent of People with Each Score
Percentile by Number Answered
Your Score History
You have not taken this quiz